Statistics for Group C - Iran AFC Asian Cup Squad

Click here to take the quiz!

General Stats

  • This quiz has been taken 5 times
  • The average score is 22 of 27

Answer Stats

#PositionClubPlayer Name% Correct
1GKPersepolis FCAlireza Beiranvand
100%
7MFFeyenoord RotterdamAlireza Jahanbakhsh
100%
22GKEsteghlal FCHossein Hosseini
100%
10FWOmonia NicosiaKarim Ansarifard
100%
19DFKayserispor SCMajid Hosseini
100%
18FWIttihad KalbaMehdi Ghayedi
100%
9FWFC PortoMehdi Taremi
100%
16MFPersepolis FCMehdi Torabi
100%
5DFAEK AthensMilad Mohammadi
100%
21MFSC RostovMohammad Mohebi
100%
15MFEsteghlal FCRouzbeh Cheshmi
100%
6MFVejle BoldklubSaeid Ezatolahi
100%
17MFLech PoznańAli Gholizadeh
80%
3DFAEK AthensEhsan Hajsafi
80%
13MFPersepolis FCHossein Kanaanizadegan
80%
8MFAl-ShamalOmid Ebrahimi
80%
12GKSepahan SCPayam Niazmand
80%
2DFDinamo ZagrebSadegh Moharrami
80%
14MFBrentford FCSaman Ghoddos
80%
20FWAS RomaSardar Azmoun
80%
26FWSepahan SCShahriyar Moghanlou
80%
4DFTractorShojae Khalilzadeh
80%
23MFSepahan SCRamin Rezaeian
60%
11FWSepahan SCReza Asadi
60%
-Coach-Amir Ghanlenoei
40%
24DFSepahan SCAria Yousefi
40%
25DFGol GoharSaman Fallah
40%

Score Distribution

Percentile by Number Answered

Percent of People with Each Score

Your Score History

You have not taken this quiz